Hugh Bonneville Filmography - Statistics

General Stats
  • This quiz has been taken 9 times
    2 since last reset
  • The average score is 10 of 307
Answer Stats
Type Year Name % Correct
Film 2014 Paddington
100%
Film 2017 Paddington 2
100%
Film 2024 Paddington in Peru
100%
TV Show 2011 Doctor Who
50%
Web Mini-Series 2024 Douglas Is Cancelled
50%
TV Show 2010-2015 Downton Abbey
50%
Film 2019 Downton Abbey
50%
Film 2022 Downton Abbey: A New Era
50%
TV Show 2012 Getting On
50%
Theater 1987, 1989, 1990-1991 Hamlet
50%
Film 2001 Iris
50%
Theater 1987 Macbeth
50%
Film 1994 Mary Shelley's Frankenstein
50%
TV Show 2023-2025 The Gold
50%
TV Show 2011-2012 Twenty Twelve
50%
TV Show 2014-2017, 2020, 2024 W1A
50%
Theater 1990-1991 Accidental Death of an Anarchist
0%
Theater 1990-1991 After the Fall
0%
TV Show 2010 Agatha Christie's Poirot
0%
Theater 1994-1995 Alice's Adventures Underground
0%
Documentary Mini-Series 2015 All Change at Longleat
0%
TV Documentary 2024 Alpine Train at Christmas
0%
TV Show 2020, 2022 Amphibia
0%
Theater 1994-1995 Angels in America
0%
Documentary Series 2023 Ant & Dec's DNA Journey
0%
TV Show 2014, 2017 Ant & Dec's Saturday Night Takeaway
0%
Theater 1987-1988 Antony and Cleopatra
0%
Theater 1988 A Place with the Pigs
0%
Documentary 2017 A Return to Grace: Luther's Life and Legacy
0%
TV Mini-Series 2001 Armadillo
0%
Theater 1987-1988 A Small Family Business
0%
Film 2005 Asylum
0%
Theater 1987 A View from a Bridge
0%
Film 2023 Bank of Dave
0%
Film 2025 Bank of Dave 2: The Loan Ranger
0%
Theater 1988 Bartholomew Fair
0%
TV Film 2006 Beau Brummell: This Charming Man
0%
Theater 1993 Beautiful Thing
0%
TV Mini-Series 2010 Ben Hur
0%
Theater 1989, 1990-1991 Bent
0%
Film TBA Bernie's Gift
0%
TV Documentary 2012 Be Royal Appointment
0%
Film 2023 Better Than Fine
0%
TV Show 1994 Between the Lines
0%
Film 2001 Blow Dry
0%
TV Show 2008 Bonekickers
0%
Documentary 2013 Born to Royalty
0%
TV Film 1997 Breakout
0%
Film 2017 Breathe
0%
Theater 1994-1995 Broken Glass
0%
TV Show 1996 Bugs
0%
Film 2010 Burke & Hare
0%
TV Show 1994 Cadfael
0%
Theater 1988 Cat on a Hot Tin Roof
0%
TV Show 1990 Chancer
0%
TV Special 2024 Children in Need
0%
Film 2025 Chistmas Karma
0%
TV Special 2024 Comic Relief: Funny for Money
0%
Film 2003 Conspiracy of Silence
0%
Documentary Series 2009-2012 Country House Rescue
0%
Theater 1987-1988 Countrymania
0%
TV Show 2006 Courting Alex
0%
Short Film 2010 Critical Eye
0%
Theater 1988 Cymbeline
0%
Theater 1990-1991 Dancing at Lughnasa
0%
TV Mini-Series 2002 Daniel Deronda
0%
TV Show 2013 Da Vinci's Demons
0%
Documentary Series 2010 Dispatches
0%
TV Mini-Series 2002 Doctor Zhivago
0%
TV Show 1991 Dodgem
0%
Theater 1987 Down Cemetery Road
0%
TV Documentary 2011 Downton Abbey: Behind the Drama
0%
Film 2025 Downton Abbey: The Grand Finale
0%
TV Show 2019 Drag SOS
0%
TV Show 2020 DuckTales
0%
TV Show 1995 EastEnders
0%
Theater 1994-1995 El Cid
0%
TV Documentary 2011 Elizabeth Taylor: A Tribute
0%
Theater 1987-1988 Entertaining Strangers
0%
Theater 1988 Fanshen
0%
Theater 1987-1988 Fathers and Sons
0%
TV Film 2008 Filth: The Mary Whitehouse Story
0%
TV Show 2007 Five Days
0%
Film 2007 Four Last Songs
0%
TV Show 2008, 2009 Freezing
0%
Film 2008 French Film
0%
Film 2009 From Time to Time
0%
Theater 1988-1989 Fuente Ovejuna
0%
TV Show 2015, 2016 Galavant
0%
TV Show 1997 Get Well Soon
0%
Theater 1989 Ghetto
0%
Film 2009 Glorious 39
0%
Film TBA Go Away!
0%
TV Show 2020, 2022 Great Performances
0%
TV Show 2024 Great Performances
0%
Theater 1996 Habeas Corpus
0%
TV Mini-Series 2003 Hans Christian Andersen: My Life as a Fairytale
0%
TV Film 2003 Hear the Silence
0%
TV Mini-Series 1998 Heat of the Sun
0%
Theater 1989 Hedda Gabler
0%
Film 2001 High Heels and Low Lifes
0%
Film 2010 Hippie Hippie Shake
0%
Short Film 2007 Hola to the World
0%
TV Show 1998 Holding the Baby
0%
Documentary Series 2019 How Do Animals Do That?
0%
TV Mini-Series 2009 Hunter
0%
Film 2022 I Came By
0%
TV Film 2002 Impact
0%
Documentary 2018 Jesus: Countdown to Calvary
0%
Film 2020 Jingle Jangle: A Christmas Journey
0%
Theater 1994-1995 Johnny on the Spot
0%
Theater 1989 Juno and the Paycock
0%
Theater 1987 King Lear
0%
Film 2009 Knife Edge
0%
Theater 1994-1995 Landscape
0%
TV Show 2019 Last Week Tonight with John Oliver
0%
Theater 1994-1995 Leave Taking
0%
TV Pilot 2010 Legally Mad
0%
Theater 1994-1995 Les Parents Terribles
0%
TV Mini-Series 2008 Lost in Austen
0%
Film 2015 Louis & Luca - The Big Cheese Race
0%
TV Film 2003 Love Again
0%
Theater 1988 Love Songs of World War III
0%
TV Film 2000 Madame Bovary
0%
TV Documentary 2021 Madame Tussauds: The Full Wax
0%
Theater 1988 Making History
0%
Theater 1989 Man Beast and Virtue
0%
Film 1999 Mansfield Park
0%
Film 2005 Man to Man
0%
Theater 1989, 1990-1991 Ma Rainey's Black Bottom
0%
TV Film 2011 Marple: The Mirror Crack'd from Side to Side
0%
TV Show 1996 Married for Life
0%
Theater 1987 Mean Tears
0%
Theater 1987 Medea
0%
TV Show 2002 Midsomer Murders
0%
TV Film 2007 Miss Austen Regrets
0%
TV Documentary 2018 Missing Flight MH370: Inside the Situation Room
0%
Theater 1987 Miss Julie
0%
Documentary Series 2014 Monty Python's Best Bits (mostly)
0%
TV Mini-Series 1998 Mosley
0%
Theater 1988 Mountain Language
0%
Theater 1988 Mrs Klein
0%
TV Film 2012 Mr. Stink
0%
Film 2023 Mummies
0%
Film 2014 Muppets Most Wanted
0%
TV Show 1999 Murder Most Horrid
0%
Documentary 2022 Never Forget Tibet
0%
Film 1999 Notting Hill
0%
Short Film 2019 Odilo Fabian or (The Possibility of Impossible Dreams)
0%
Theater 1990-1991 Once in a While the Odd Thing Happens
0%
Short Film 2008 One of Those Days
0%
TV Short 2016 Our Ex-Wife
0%
Theater 1994-1995 Out of a House Walked a Man
0%
Film 2023 Ozi: Voice of the Forest
0%
TV Show 1993 Paul Merton: The Series
0%
TV Show 1994 Peak Practice
0%
Theater 1990-1991 Peer Gynt
0%
Theater 1994-1995 Pericles
0%
TV Documentary 2023 Peter Sellers: Dark Side of the Goon
0%
Theater 1990-1991 Piano
0%
Film 2004 Piccadilly Jim
0%
Theater 1990-1991, 1994-1995 Racing Demon
0%
TV Show 2010, 2011, 2014 Rev.
0%
Theater 1990-1991 Richard III
0%
TV Film 2002 Right Under My Eyes
0%
Theater 1988 Roots
0%
Theater 1987 Rosmersholm
0%
Theater 1988 Russell of the Times
0%
Theater 1994-1995 Rutherford & Son
0%
Documentary Series 2009 Ruth Watson's Hotel Rescue
0%
Theater 1989 Salome
0%
TV Mini-Series 2020 Sandylands
0%
Film 2006 Scenes of a Sexual Nature
0%
Theater 1989 Schism in England
0%
Theater 1987 School for Wives
0%
Theater 1988-1989 Secret Rapture
0%
TV Show 1997 See You Friday
0%
Film 2010 Shanghai
0%
TV Show 2017 Silent Hours
0%
TV Film 2021 Silent Hours
0%
Documentary 2020 Silent Night: A Song for the World
0%
Theater 1988 Single Spies
0%
Theater 1987 Six Characters in Search of an Author
0%
TV Show 2015-2018 Sofia the First
0%
Film 2013 Solan og Ludvig - Jul i Flåklypa
0%
Short Film 2017 Space for You
0%
Documentary Mini-Series 2016 Speeding Wars
0%
Theater 1989 Speed-the-Plow
0%
Film 2004 Stage Beauty
0%
TV Show 2021 Staged
0%
TV Film 1993 Stalag Luft
0%
TV Short 2015 Stick Man
0%
TV Show 2022 Strictly Come Dancing
0%
Theater 1989 Suicide for Love
0%
Theater 1990-1991 Sunday in the Park with George
0%
Theater 1994-1995 Sweet Bird of Youth
0%
TV Show 2000 Take a Girl Like You
0%
Theater 1989 Tango Varsoviano
0%
Theater 1990-1991 Tartuffe
0%
Theater 1990-1991 Tectonic Plates
0%
Web Series 2024-2025 The Agency: Central Intelligence
0%
Theater 1992 The Alchemist
0%
Film 2022 The Amazing Maurice
0%
Theater 1989, 1990-1991 The Beaux Stratagem
0%
TV Special 2025 The Big Fat Quiz of Everything
0%
TV Film 2002 The Biographer
0%
Theater 1994-1995 The Birthday Party
0%
TV Show 2001 The Cazalets
0%
Theater 1988 The Changeling
0%
Theater 1994-1995 The Children's Hour
0%
Documentary Series 2019 The Comedy Years
0%
TV Film 2003 The Commander
0%
TV Film 2005 The Commander: Blackdog
0%
TV Film 2005 The Commander: Virus
0%
Web Series 2024 The Completely Made-Up Adventures of Dick Turpin
0%
Film 2019 The Corrupted
0%
TV Show 2016-Present The Cruise
0%
Theater 1994-1995 The Devil's Disciple
0%
TV Film 2007 The Diary of a Nobody
0%
Short Film 2013 The Dinner Party
0%
Film 2001 The Emperor's New Clothes
0%
Theater 1988 The Father
0%
TV Film 2002 The Gathering Storm
0%
Web Series 2026 The Gentlemen
0%
Theater 1989, 1990-1991 The Good Person of Sichuan
0%
Web Series 2017 The Grand Tour
0%
Theater 1989 The Grapes of Wrath
0%
TV Show 2023 The Greatest Auction
0%
TV Documentary 2014 The Greatest Ever War Films
0%
Theater 1996 The Handyman
0%
Documentary Series 2022 The Hidden Lives of Pets
0%
TV Mini-Series 2016 The Hollow Crown
0%
Radio Play 2010 The Honourable Schoolboy
0%
Documentary Series 2011-2015 The Hotel
0%
TV Show 1995 The Imaginatively Titled Punt & Dennis Show
0%
Award Show 2013 The Laurence Olivier Awards 2013
0%
TV Documentary 2020 The Life and Times of Captain Sir Tom
0%
Theater 1989 The Long Way Round
0%
Theater 1989 The Magic Carpet
0%
Theater 1988 The Magic Olympic Games
0%
Theater 1987 The Magistrate
0%
Short Film 2013 The Magnificent Lion Boy
0%
TV Film 1997 The Man Who Made Husbands Jealous
0%
Theater 1989 The March on Russia
0%
TV Documentary 2022 The Marvellous Maggie Smith
0%
TV Mini-Series 1994 The Memoirs of Sherlock Holmes
0%
Theater 1989 The Misanthrope
0%
Film 2014 The Monuments Men
0%
Theater 1987-1988 The Pied Piper
0%
Documentary Mini-Series TBA The Real History of Communism
0%
TV Show 2007 The Replacements
0%
TV Show 2005 The Robinsons
0%
TV Mini-Series 2005 The Rotter's Club
0%
Theater 1990 The School for Scandal
0%
TV Mini-Series 1998 The Scold's Bridle
0%
Theater 1994-1995 The Seagull
0%
Documentary Series 2024 The Secret Lives of Animals
0%
TV Documentary 2015 The Secret World of Lego
0%
Theater 1990-1991 The Shape of the Table
0%
Theater 1988-1989 The Shaughraun
0%
TV Show 2010 The Silence
0%
TV Show 2025 The Simpsons
0%
Theater 1988 The Strangeness of Others
0%
Theater 1988 The Tempest
0%
Theater 1990-1991 The Trackers of Oxyrhynchus
0%
Theater 1992 The Two Gentlemen of Verona
0%
Short Film 1996 The Unorganized Manager, Part One: Damnation
0%
TV Show 1995 The Vet
0%
TV Show 2007 The Vicar of Dibley
0%
Theater 1989 The Voysey Inheritance
0%
Theater 1987 The Wandering Jew
0%
Theater 1990-1991, 1994-1995 The Wind in the Willows
0%
Theater 1988 The Winter's Tale
0%
Documentary Series 2023 The Wonders of Europe
0%
Film 2010 Third Star
0%
TV Show 2018 Thomas & Friends
0%
Film 2017 Thomas & Friends: Journey Beyond Sodor
0%
Theater 1987 Three Men on a Horse
0%
TV Film 2003 Thursday the 12th
0%
Documentary Series 2015 Timeshift
0%
Theater 1987-1988 Ting Tang Mine
0%
TV Mini-Series 2002 Tipping the Velvet
0%
Theater 1988 Tis Pity She's a Whore
0%
Theater 1990-1991 To Children, My Africa
0%
Film 1997 Tomorrow Never Dies
0%
Theater 1987 Tomorrow Was War
0%
Theater 1987 Tons of Money
0%
Film 2021 To Olivia
0%
TV Show 2014 Top Gear
0%
TV Mini-Series 2006 Tsunami: The Aftermath
0%
TV Show 2012 Turn Back Time: The Family
0%
TV Show 2010 Turn Back Time: The High Street
0%
Short Film 2019 Tutankhamun: Enter the Tomb
0%
TV Show TBA Twenty Twenty Six
0%
Theater 1994-1995 Two Weeks with the Queen
0%
Theater 1989, 2025 Uncle Vanya
0%
Film 2005 Underclassman
0%
TV Documentary 2008 Undercover in Tibet
0%
Film 2017 Viceroy's House
0%
Theater 1987-1988 Waiting for Godot
0%
TV Show 2016 Walliams & Friend
0%
Theater 1989, 1990-1991 Whale
0%
TV Documentary 2007 Why Birds Sing
0%
Documentary Mini-Series 2018 Wild Britain
0%
Documentary Series 2012 World's Most Dangerous Roads
0%
TV Documentary 2004 Wren: The Man Who Built Britain
0%
Theater 1987 Yerma
0%
No matching quizzes found
Score Distribution
Percent of People with Each Score
Percentile by Number Answered
Your Score History
You have not taken this quiz since the last reset